000 00725nam a22002297a 4500
003 BD-DhJNU
005 20250408055220.0
008 250408b |||||||| |||| 00| 0 eng d
020 _a8178089769
040 _aBD-DhJNU
_bENG
_cBD-DhJNU
_dBD-DhJNU
082 _223
_a910 HUM
245 _aHuman geography :
_bissues for the 21st century /
_cEdited by Peter Daniels ... [et all.]
260 _aDelhi :
_bPearson,
_c2003.
300 _axxv, 561 p. :
_bill. ;
_c24 cm.
504 _aincludes bibliographical reference and index
650 _aGeogrpahy
700 _aDaniels, Peter
_eEditor
700 _aBradshaw, Michael
_eEditor
700 _aShaw, Denis
_eEditor
700 _aSidaway, James
_eEditor
942 _2ddc
_cBK
_n0
999 _c1545
_d1545